00668 2200229 4500001002100000005001700021008004100038020002200079035002500101040001200126082001500138084001700153245007000170250001100240260005700251300003100308650003300339850001200372990001800384990001800402990001800420INLIS00000000001261320160219140928.0  a978-979-630-046-4 a0010-091500000001126 aYOPDYOG 223a621.48 aT 621.48 Pem aPEMBANGKIT listrik tenaga nuklirb: Manfaat dan potensi bahayanya aCet. 1 aJakartabKementrian negara riset dan teknologic2010 a25 hlmb: Illus.c; 21 cm. aPembangkit listrik -- nuklir aYOPDYOG a50741-PD/A.15 a50742-PD/A.15 a50743-PD/A.15